[Event "AUTO-OPEN-4353"]
[Site "http://www.queenalice.com/game.php?id=1783925"]
[Date "2022.3.3"]
[Round "1"]
[White "Ferdyrosco"]
[Black "juim"]
[Result "1-0"]
[WhiteElo "1865"]
[BlackElo "1573"]

1. e4 d5 2. exd5 Qxd5 3. Nc3 Qd8 4. d4 e6 5. Nf3 Bb4 6. Bd2 Nf6 7. Be2 O-O 8.
O-O Nc6 9. Be3 Bxc3 10. bxc3 Ne4 11. Qd3 f5 12. Nd2 Nxd2 13. Qxd2 e5 14. Bg5 Qd7
15. Rad1 exd4 16. cxd4 Qd5 17. c4 Qe4 18. Bf3 Qe6 19. d5 Qe8 20. dxc6 bxc6 21.
c5 Ba6 22. Rfe1 Qc8 23. Bf4 Rd8 24. Qc3 Rf8 25. Qb3+ Kh8 26. Qe6 Qxe6 27. Rxe6
h6 28. Be5 Rac8 29. Rd7 Bc4 30. Bxg7+ Kg8 31. Rxh6 Rf7 32. Rxf7 Bxf7 33. Rh8+
Kxg7 34. Rxc8 Kf6 35. Rxc7 a5 36. Rxc6+ Kg5 37. a3 1-0

[Event "AUTO-OPEN-4353"]
[Site "http://www.queenalice.com/game.php?id=1783926"]
[Date "2022.3.3"]
[Round "1"]
[White "juim"]
[Black "Ferdyrosco"]
[Result "0-1"]
[WhiteElo "1589"]
[BlackElo "1868"]

1. e4 e5 2. d4 exd4 3. Qxd4 d6 4. Bf4 Nc6 5. Qd1 Nf6 6. e5 dxe5 7. Qxd8+ Kxd8 8.
Bg5 Be7 9. Nc3 Bd7 10. Nb5 a6 11. Nc3 h6 12. Be3 Bd6 13. O-O-O Re8 14. Nf3 Ke7
15. h3 Kf8 16. Bc4 Be6 17. Bxe6 Rxe6 18. Rd3 Nb4 19. Rdd1 Ree8 20. a3 Nc6 21.
Rd3 Rad8 22. Nh4 e4 23. Rd2 Ne5 24. Nf5 Nc4 25. Rd4 Nxe3 26. Nxd6 Rxd6 27. Rxd6
cxd6 28. fxe3 d5 29. Rd1 Rd8 30. g4 g5 31. Rd4 Ke7 32. b4 b5 33. Ne2 h5 34. gxh5
Nxh5 35. Nc3 Nf6 36. Ne2 Ke6 37. Kb2 Nd7 38. Ng3 f5 39. Nh5 Nb6 40. Ng3 f4 41.
exf4 gxf4 42. Nf1 Nc4+ 43. Kb3 Ke5 44. c3 Rh8 45. Nd2 Nxd2+ 46. Rxd2 Rxh3 47.
Rg2 Rh5 48. Rg8 f3 49. Rg6 f2 0-1

[Event "AUTO-OPEN-4343"]
[Site "http://www.queenalice.com/game.php?id=1786040"]
[Date "2022.3.31"]
[Round "2"]
[White "raulzampronha"]
[Black "Ferdyrosco"]
[Result "1-0"]
[WhiteElo "2256"]
[BlackElo "1850"]

1. d4 d5 2. c4 e6 3. Nc3 Nf6 4. Nf3 Be7 5. Bg5 h6 6. Bh4 O-O 7. e3 c5 8. dxc5
Bxc5 9. cxd5 exd5 10. Be2 Be6 11. O-O Nc6 12. Rc1 1-0

[Event "AUTO-OPEN-4343"]
[Site "http://www.queenalice.com/game.php?id=1786041"]
[Date "2022.3.31"]
[Round "2"]
[White "Ferdyrosco"]
[Black "raulzampronha"]
[Result "0-1"]
[WhiteElo "1848"]
[BlackElo "2257"]

1. e4 c5 2. Nc3 Nc6 3. g3 g6 4. Bg2 Bg7 5. Nge2 e6 6. O-O Nge7 7. d3 d6 8. Be3
Nd4 9. Qd2 O-O 10. Bh6 Bxh6 11. Qxh6 Nxc2 12. Rac1 Nb4 13. Rfd1 e5 14. a3 Nbc6
15. Nd5 Nxd5 16. exd5 Ne7 0-1

[Event "Challenge"]
[Site "http://www.queenalice.com/game.php?id=1824916"]
[Date "2023.11.10"]
[Round "-"]
[White "SamuraiJOM"]
[Black "Ferdyrosco"]
[Result "1-0"]
[WhiteElo "1778"]
[BlackElo "1737"]

1. e4 e5 2. Nf3 Nc6 3. Bc4 Nf6 4. c3 Be7 5. d4 exd4 6. cxd4 d6 7. a4 O-O 8. O-O
Na5 9. Ba2 b6 10. Nc3 c6 11. h3 Ba6 12. Re1 Bc4 13. b3 Ba6 14. Bf4 Nh5 15. Bh2
g6 16. Qd2 Ng7 17. b4 Nc4 18. Bxc4 Bxc4 19. h4 f5 20. e5 1-0

[Event "AUTO-ADV-4753"]
[Site "http://www.queenalice.com/game.php?id=1827462"]
[Date "2023.12.17"]
[Round "1"]
[White "Spessatto"]
[Black "Ferdyrosco"]
[Result "0-1"]
[WhiteElo "1910"]
[BlackElo "1746"]

1. d4 Nf6 2. h3 e6 3. Nf3 d5 4. Bf4 Be7 5. e3 O-O 6. Bd3 c5 7. c3 cxd4 8. cxd4
Nc6 9. a3 a6 10. O-O b5 11. Nbd2 b4 12. Ne5 Nxe5 13. dxe5 Nd7 14. Nf3 bxa3 15.
bxa3 Nc5 16. Bc2 Bd7 17. Nd4 f6 18. Qg4 f5 19. Qh5 Be8 20. Qf3 g5 21. Bg3 Bg6
22. Rac1 Qe8 23. Bb1 Bh5 24. Nxe6 Bxf3 25. Nxf8 Bxg2 26. Kxg2 Qxf8 27. f4 Ne4
28. Bxe4 dxe4 29. a4 h5 0-1

[Event "AUTO-ADV-4753"]
[Site "http://www.queenalice.com/game.php?id=1827463"]
[Date "2023.12.17"]
[Round "1"]
[White "Ferdyrosco"]
[Black "Spessatto"]
[Result "0-1"]
[WhiteElo "1769"]
[BlackElo "1887"]

1. e4 e5 2. Nf3 Nc6 3. Bb5 d6 4. d4 a6 5. Bxc6+ bxc6 6. dxe5 Bg4 7. exd6 cxd6 8.
O-O Be7 9. Nc3 Nf6 10. Bg5 h6 11. Bf4 O-O 12. Qd3 Qc7 13. e5 Nh5 14. Bg3 Nxg3
15. fxg3 dxe5 16. h3 Bh5 17. g4 Bg6 18. Qe2 Rfd8 19. Rad1 Qb6+ 20. Kh2 Qxb2 21.
Rxd8+ Rxd8 22. Nxe5 Qxc3 23. Nxg6 Bd6+ 24. Kh1 fxg6 25. Qe6+ Kh7 26. Qe4 Qg3 27.
Kg1 Bc5+ 28. Kh1 Rd2 29. a4 Rf2 30. Rxf2 Qxf2 31. Qf3 Qg1# 0-1

[Event "AUTO-ADV-4753"]
[Site "http://www.queenalice.com/game.php?id=1827474"]
[Date "2023.12.17"]
[Round "1"]
[White "ALDROB"]
[Black "Ferdyrosco"]
[Result "0-1"]
[WhiteElo "1839"]
[BlackElo "1725"]

1. e4 e5 2. Nf3 Nc6 3. Bb5 a6 4. Ba4 Nf6 5. O-O Be7 6. Re1 b5 7. Bb3 O-O 8. c3
d5 9. exd5 Nxd5 10. Nxe5 Nxe5 11. Rxe5 c6 12. d4 Bd6 13. Re1 Qh4 14. g3 Qh3 15.
Be3 Bf5 16. Qf3 Nxe3 17. fxe3 Rae8 18. Nd2 Bg4 19. Qg2 Qxg2+ 20. Kxg2 Be6 21.
Bc2 f5 22. Nf3 Bd5 23. a4 g5 24. h3 g4 25. e4 gxf3+ 26. Kf2 fxe4 27. axb5 axb5
28. Ra7 Rf7 29. Rxf7 Kxf7 30. b3 h5 31. c4 bxc4 32. bxc4 Bxc4 33. Bxe4 Rg8 34.
Bxf3 Bxg3+ 35. Ke3 Re8+ 0-1

[Event "AUTO-ADV-4753"]
[Site "http://www.queenalice.com/game.php?id=1827475"]
[Date "2023.12.17"]
[Round "1"]
[White "Ferdyrosco"]
[Black "ALDROB"]
[Result "0-1"]
[WhiteElo "1727"]
[BlackElo "1791"]

1. e4 c5 2. Nf3 d6 3. d4 cxd4 4. Nxd4 Nf6 5. Nc3 a6 6. Be2 e5 7. Nb3 Be7 8. Be3
O-O 9. O-O Be6 10. f4 exf4 11. Bxf4 Nc6 12. Be3 Qc7 13. Bf3 Rfd8 14. Na4 Qb8 15.
Nb6 Ra7 16. Nd5 b5 17. Nxe7+ Rxe7 18. Qe2 Bc4 19. Qf2 Bxf1 20. Kxf1 Nxe4 21.
Bxe4 Rxe4 22. Re1 d5 23. Nc5 Ra4 24. Nxa4 bxa4 25. b3 axb3 26. axb3 Qxh2 27. Qg1
Qxg1+ 28. Kxg1 d4 29. Bf4 Nb4 30. Bc7 Rc8 31. Re7 Nxc2 32. Kf1 d3 33. Ba5 Kf8
34. Ra7 Rc6 35. Bd2 g6 36. Bh6+ Ke8 37. Ra8+ Kd7 38. Ra7+ Ke6 39. Bd2 Nd4 40. b4
h5 41. Bg5 f6 42. Be3 Nc2 43. Bd2 g5 44. g3 Kf5 45. Kg2 Re6 46. Bc3 Re2+ 47. Kg1
d2 48. Bxd2 Rxd2 49. Rxa6 Nxb4 50. Ra5+ Kg4 51. Ra4 Kxg3 52. Ra1 h4 53. Rf1 h3
0-1

[Event "AUTO-ADV-4753"]
[Site "http://www.queenalice.com/game.php?id=1827480"]
[Date "2023.12.17"]
[Round "1"]
[White "SamuraiJOM"]
[Black "Ferdyrosco"]
[Result "1-0"]
[WhiteElo "1767"]
[BlackElo "1742"]

1. e4 e5 2. Nf3 Nc6 3. Bc4 Bc5 4. c3 Nf6 5. d4 exd4 6. cxd4 Bb4+ 7. Bd2 Nxe4 8.
Qe2 d5 9. Bb5 O-O 10. O-O Nxd2 11. Nbxd2 Bg4 12. h3 Nxd4 13. Qd1 Bxf3 14. Nxf3
Nxb5 15. a4 Nd6 16. Qxd5 1-0

[Event "AUTO-ADV-4753"]
[Site "http://www.queenalice.com/game.php?id=1827481"]
[Date "2023.12.17"]
[Round "1"]
[White "Ferdyrosco"]
[Black "SamuraiJOM"]
[Result "0-1"]
[WhiteElo "1758"]
[BlackElo "1751"]

1. e4 e5 2. Nf3 Nc6 3. Bb5 a6 4. Ba4 Nf6 5. O-O Bc5 6. d3 b5 7. Bb3 h6 8. c3 O-O
9. Bc2 d6 10. h3 Ne7 11. Be3 Bxe3 12. fxe3 d5 13. exd5 Nexd5 14. Re1 Re8 15.
Nbd2 Ne7 16. Nxe5 Nf5 17. Ndf3 Bb7 0-1

[Event "Challenge"]
[Site "http://www.queenalice.com/game.php?id=1827550"]
[Date "2023.12.18"]
[Round "-"]
[White "okiwiz"]
[Black "Ferdyrosco"]
[Result "1-0"]
[WhiteElo "1100"]
[BlackElo "1725"]

1. d4 Nf6 2. Bg5 e6 3. e3 d5 4. Nd2 c5 5. c3 cxd4 6. exd4 Be7 7. Bd3 a6 8. f4
Nc6 9. Ngf3 h6 10. Bh4 Bd7 11. Ne5 Nxe5 12. fxe5 Ng8 13. Bxe7 Nxe7 14. O-O Ng6
15. Qh5 Qg5 16. Bxg6 fxg6 17. Qxg5 hxg5 18. Nf3 Bb5 19. Rf2 g4 20. Ng5 Bd7 21.
Nf7 Rf8 22. Nd6+ Ke7 23. Raf1 Rxf2 24. Rxf2 Be8 25. Nxb7 Rb8 26. Nc5 a5 27. b3
g5 28. g3 Bg6 29. Rb2 Be8 30. a3 g6 31. b4 axb4 32. cxb4 Ra8 33. Ra2 Bb5 34. a4
Bc4 35. Ra3 Bb5 36. a5 Bd7 37. a6 Kd8 38. Ra5 Kc7 39. Kf2 Rf8+ 40. Ke2 Rf3 41.
Nxd7 Kxd7 42. a7 1-0

[Event "Challenge"]
[Site "http://www.queenalice.com/game.php?id=1828501"]
[Date "2024.1.4"]
[Round "-"]
[White "Ferdyrosco"]
[Black "okiwiz"]
[Result "0-1"]
[WhiteElo "1714"]
[BlackElo "1445"]

1. e4 e6 2. d4 Ne7 3. Nc3 h6 4. Bd3 d6 5. Nge2 Nd7 6. Be3 a6 7. Ng3 g6 8. Qd2 b6
9. O-O Bg7 10. f4 Bb7 11. Rf3 f5 12. Rf2 Nf6 13. exf5 Nxf5 14. Nxf5 exf5 15. h3
O-O 16. Bc4+ Kh7 17. d5 b5 18. Bb3 b4 19. Ne2 Ne4 20. Bd4 Nxd2 21. Bxg7 Kxg7 22.
Ba4 Ne4 0-1

[Event "Match, game#2"]
[Site "http://www.queenalice.com/game.php?id=1828507"]
[Date "2024.1.5"]
[Round "-"]
[White "okiwiz"]
[Black "Ferdyrosco"]
[Result "1-0"]
[WhiteElo "1556"]
[BlackElo "1714"]

1. d4 d5 2. e3 Nf6 3. Bd3 e6 4. Nd2 b6 5. f4 c5 6. c3 c4 7. Bc2 Nc6 8. Ngf3 b5
9. O-O Bd6 10. Ne5 Nxe5 11. fxe5 Be7 12. exf6 Bxf6 13. e4 dxe4 14. Nxe4 Be7 15.
Qh5 a6 16. Rxf7 g6 17. Qf3 Rb8 18. Rg7 Rf8 19. Qh3 e5 20. Qxh7 1-0